A noção de estrutura em etnologia; Raça e história; Totemismo hoje (Record no. 60045)

MARC details
000 -LÍDER
campo de controle de tamanho fixo 00430 a2200157 4500
001 - NÚMERO DE CONTROLE
campo de controle 60045
020 ## - ISBN - INTERNATIONAL STANDARD BOOK NUMBER
ISBN - International Standard Book Number
040 ## - FONTE DA CATALOGAÇÃO
Instituição que transcreveu o registro Anchieta - Pituba
100 ## - ENTRADA PRINCIPAL--NOME PESSOAL
Nome pessoal Lévi-Strauss, Claude
240 10 - TÍTULO UNIFORME
Título uniforme A noção de estrutura em etnologia; Raça e história; Totemismo hoje
Idioma da obra por
245 10 - TÍTULO
Título A noção de estrutura em etnologia; Raça e história; Totemismo hoje
300 ## - DESCRIÇÃO FÍSICA
Extensão 181
362 0# - DATAS DE PUBLICAÇÃO E/OU DESIGNAÇÃO SEQUENCIAL
Datas de publicação e/ou designação sequencial 1980
650 #4 - ASSUNTO--TERMO TÓPICO
Cabeçalho tópico ou nome geográfico Bioquímica
942 ## - ELEMENTOS DE ENTRADA ADICIONADOS (KOHA)
Tipo de material Koha Livros
Holdings
Situação do descarte Situação das perdas Situação física Não pode ser emprestado Biblioteca de origem Biblioteca atual Data de aquisição Total de empréstimos Código de barras Data de último acesso Data do preço efetivo Tipo de material Koha
        Colégio Anchieta - Pituba Colégio Anchieta - Pituba 21/11/2023   11578/PIT 21/11/2023 21/11/2023 Livros